00712nam a2200193Ia 4500001001900000003000900019008004100028040002300069041001300092100001900105245008300124250001500207260002700222300003400249490002100283501012400304520005800428700003200486938-STO ci (17330)IT-MiSPE171229s9999||||xx |||||||||||||| ||und|| aIT-MiSPEcIT-MiSPE aITALIANO aRoland Martin  0aStoria e civiltà dei GrecibV/10. La cultura ellenistica: Le arti figurative a1a ed. (v) aMilanobBompianic1991 aLXXXVI, 373 p. [10 v.]c20 cm aV/10 v.v 5°/10 aEdizioni San Paolo srl - Piazza Soncino, 5 - 20092 CINISELLO BALSAMO (MI) (non commercial uses only) ® Copyright 2018 aAA.VV, Ranuccio Bianchi Bandinelli (dir.). Ill., tav. aRanuccio Bianchi Bandinelli